000 00862nam a2200241 i 4500
001 bg
245 0 0 _aProblemy wzrostu gospodarczego we współczesnych gospodarkach /
_cpod red. Danuty Kopycińskiej ; Katedra Mikoroekonomii. Uniwersytet Szczeciński.
260 _aSzczecin :
_bKatedra Mikroekonomii Uniwersytetu Szczecińskiego,
_c2006.
300 _a174 s. :
_bwykr. ;
_c24 cm.
490 1 _aLibrary of Economics & Competition Policy
504 _aBibliogr. przy art.
650 9 _aWzrost gospodarczy
_yod 1945 r.
650 9 _aWzrost gospodarczy
_zPolska
_yod 1989 r.
700 1 _aKOPYCIŃSKA, Danuta.
_eRed.
830 _aLibrary of Economics & Competition Policy
020 _a8360065810
040 _cBPK
041 0 _apol
080 _a330.35"1945/..."
920 _a83-60065-81-0
942 _cKS
008 s pl f |000 0 pol
999 _c53674
_d53674
856 _uhttp://koha.tu.koszalin.pl/cgi-bin/koha/opac-detail.pl?biblionumber=53674
_yKatalog online BPK